Foods by Cake Quiz Stats

Quiz Updated Jan 17, 2016

Also try: Literary Cakes
Challenge
Share
Tweet
Score 0/20 Timer 05:00
1 Play Today
% Correct
Cheeseburger
99.8%
Hot Dog
98.7%
Doughnut
98.2%
Sushi
97.9%
Pizza
97.7%
Roast Turkey
97.4%
Spaghetti and Meatballs
96.7%
Fried Chicken
95.8%
Salad
95.2%
Steak
94.7%
% Correct
Fried Egg
94.4%
Taco
94.2%
Nachos
92.9%
Poutine
92.4%
Smoked Bacon
91.8%
Burrito
91.1%
S'more
87.4%
Lasagne
85.8%
Paella
81.6%
Dumpling
75%

You're not logged in!

Compare scores with friends on all Sporcle quizzes.
Join for Free
OR
Log In

You Might Also Like...

Show Comments

Extras

Top Quizzes Today


Score Distribution

Your Account Isn't Verified!

In order to create a playlist on Sporcle, you need to verify the email address you used during registration. Go to your Sporcle Settings to finish the process.

Report this User

Report this user for behavior that violates our Community Guidelines.

Details: